III Curso especializado de arte y arqueología : arqueología de América Meridional : por el prof. Dr. D. Juan Schobinger arqueología de América Meridional :
Descripción Física:
1 díptic ; 20 cm
MARC
| LEADER | 00000nam a2200000Ia 4500 | ||
|---|---|---|---|
| 001 | 16448 | ||
| 008 | 160829s1973 xx 000 0 cat d | ||
| 080 | |a S-480, exp. 1 | ||
| 110 | 2 | |a Instituto de Prehistoria y Arqueología (Barcelona, Catalunya) |9 54255 | |
| 245 | |a III Curso especializado de arte y arqueología : |b arqueología de América Meridional : |b por el prof. Dr. D. Juan Schobinger | ||
| 260 | |a Barcelona : |b (Imp. Escuela Casa Caridad), |c 1973 | ||
| 300 | |a 1 díptic ; |c 20 cm | ||
| 650 | |a Institut de Prehistòria i Arqueologia (Barcelona) |x Currículums |9 48189 | ||
| 650 | |a Arqueologia |x Amèrica del Sud |9 48172 | ||
| 901 | |a Arxiu | ||
| 942 | |n 1 |2 udc | ||
| 952 | |0 0 |1 0 |4 0 |6 S480_EXP_1 |7 1 |9 54362 |a Arxiu |b Arxiu |d 2016-12-01 |l 0 |o S-480, exp. 1 |p 16448 |r 2016-12-01 00:00:00 |w 2016-12-01 |y ARXIU | ||
| 999 | |c 58231 |d 58231 | ||